[Event "Madrid-ch 2018-2019 - Semifinal"]
[Site "Madrid ESP"]
[Date "2019.05.09"]
[Round "4.20"]
[White "Garcia Serrano, Jose Manuel"]
[Black "Garcia Galeote, Lorenzo"]
[Result "0-1"]
[WhiteElo "1912"]
[BlackElo "1873"]
[PlyCount "69"]
[EventDate "2019.05.06"]
[EventType "swiss"]
[EventRounds "9"]
[EventCountry "ESP"]
[SourceTitle "Ajedrez en Madrid"]
[Source "lmi"]
[SourceDate "2019.05.06"]
[SourceVersion "1"]
[SourceVersionDate "2019.05.20"]
[SourceQuality "2"]

1. e4 d5 2. exd5 Qxd5 3. Nc3 Qd6 4. d4 Nf6 5. Nf3 c6 6. Ne5 Bf5 7. Bc4 e6 8.
O-O Be7 9. Bb3 O-O 10. Bf4 Qd8 11. Qf3 Nbd7 12. Rad1 Nb6 13. Na4 Nxa4 14. Bxa4
Qd5 15. Qe3 Qxa2 16. Ra1 Qd5 17. c4 Qe4 18. Qd2 Rfd8 19. d5 Bb4 20. f3 Bxd2 21.
fxe4 Bxf4 22. Rxf4 Bxe4 23. dxc6 bxc6 24. Rxe4 Nxe4 25. Bxc6 Rab8 26. Bxe4 Rxb2
27. Nc6 Rdd2 28. Nxa7 f5 29. Bf3 Rbc2 30. Nc6 Kf7 31. Ne5+ Kf6 32. Re1 g5 33.
c5 g4 34. Bb7 Rxc5 35. Nc6 0-1

[Event "Madrid-ch 2018-2019 - Semifinal"]
[Site "Madrid ESP"]
[Date "2019.05.09"]
[Round "4.21"]
[White "Viñas Lopez, Carlos"]
[Black "Rueda Maria, Ramiro"]
[Result "1-0"]
[WhiteElo "1884"]
[BlackElo "1843"]
[PlyCount "39"]
[EventDate "2019.05.06"]
[EventType "swiss"]
[EventRounds "9"]
[EventCountry "ESP"]
[SourceTitle "Ajedrez en Madrid"]
[Source "lmi"]
[SourceDate "2019.05.06"]
[SourceVersion "1"]
[SourceVersionDate "2019.05.20"]
[SourceQuality "2"]

1. d4 d5 2. Bf4 e6 3. e3 Bd6 4. Bg3 Nf6 5. Nd2 c5 6. c3 Nc6 7. Ngf3 Ne4 8. Nxe4
dxe4 9. Nd2 f5 10. Nc4 Be7 11. dxc5 Qxd1+ 12. Rxd1 Bxc5 13. Nd6+ Bxd6 14. Bxd6
Kf7 15. Bc7 Ke7 16. Bc4 Bd7 17. O-O Rac8 18. Bd6+ Kf7 19. Bg3 g5 20. Rxd7+ 1-0

[Event "Madrid-ch 2018-2019 - Semifinal"]
[Site "Madrid ESP"]
[Date "2019.05.10"]
[Round "5.1"]
[White "Martinez Fernandez, Raul"]
[Black "Mkrtchyan, Levon"]
[Result "1/2-1/2"]
[WhiteElo "2202"]
[BlackElo "2168"]
[PlyCount "39"]
[EventDate "2019.05.06"]
[EventType "swiss"]
[EventRounds "9"]
[EventCountry "ESP"]
[SourceTitle "Ajedrez en Madrid"]
[Source "lmi"]
[SourceDate "2019.05.06"]
[SourceVersion "1"]
[SourceVersionDate "2019.05.20"]
[SourceQuality "2"]

1. e4 e6 2. d4 d5 3. Nc3 Bb4 4. e5 c5 5. a3 Bxc3+ 6. bxc3 Ne7 7. Qg4 O-O 8. Bd3
Nbc6 9. Nf3 f5 10. exf6 Rxf6 11. Bg5 Rf7 12. Qh5 g6 13. Qh4 c4 14. Be2 Qa5 15.
Bd2 Bd7 16. O-O Nf5 17. Qh3 Nd6 18. Ne5 Nxe5 19. dxe5 Ne4 20. Qe3 1/2-1/2

[Event "Madrid-ch 2018-2019 - Semifinal"]
[Site "Madrid ESP"]
[Date "2019.05.10"]
[Round "5.2"]
[White "Rodriguez Melendez, Juan Humbert"]
[Black "Yañez Rodriguez, Wilbert"]
[Result "1-0"]
[WhiteElo "2212"]
[BlackElo "2217"]
[PlyCount "107"]
[EventDate "2019.05.06"]
[EventType "swiss"]
[EventRounds "9"]
[EventCountry "ESP"]
[SourceTitle "Ajedrez en Madrid"]
[Source "lmi"]
[SourceDate "2019.05.06"]
[SourceVersion "1"]
[SourceVersionDate "2019.05.20"]
[SourceQuality "2"]

1. d4 Nf6 2. c4 g6 3. g3 Bg7 4. Nf3 O-O 5. Bg2 d6 6. Nc3 c5 7. d5 e6 8. O-O
exd5 9. cxd5 Na6 10. Bf4 Nc7 11. a4 b6 12. Re1 Nh5 13. Bg5 Bf6 14. Bd2 Rb8 15.
e4 Re8 16. Qc2 a6 17. h3 Bg7 18. g4 Nf6 19. Bg5 Bb7 20. Rad1 b5 21. axb5 Nxb5
22. Nxb5 axb5 23. e5 dxe5 24. Nxe5 Qd6 25. Nc6 Ra8 26. Qd2 Nd7 27. Be7 Qc7 28.
b3 b4 29. Bg5 Bc3 30. Rxe8+ Rxe8 31. Qd3 Qb6 32. Qg3 Re2 33. Bf3 Qa6 34. Bxe2
Qxe2 35. Qd3 Ba6 36. Qxe2 Bxe2 37. Rc1 f6 38. Be3 Bf3 39. Na5 Bxd5 40. Rd1 Be6
41. Rd6 Kf7 42. Rc6 Bd5 43. Rc7 Ke6 44. Bxc5 f5 45. gxf5+ gxf5 46. Kf1 h5 47.
Ke2 f4 48. Nc4 Bxc4+ 49. bxc4 Ne5 50. Re7+ Kf6 51. Rb7 f3+ 52. Kf1 Nd3 53. Bf8
Ke6 54. c5 1-0

[Event "Madrid-ch 2018-2019 - Semifinal"]
[Site "Madrid ESP"]
[Date "2019.05.10"]
[Round "5.3"]
[White "Pindado Campos, Raul"]
[Black "Nuñez Reiz, Antonio"]
[Result "1/2-1/2"]
[WhiteElo "2089"]
[BlackElo "2083"]
[PlyCount "83"]
[EventDate "2019.05.06"]
[EventType "swiss"]
[EventRounds "9"]
[EventCountry "ESP"]
[SourceTitle "Ajedrez en Madrid"]
[Source "lmi"]
[SourceDate "2019.05.06"]
[SourceVersion "1"]
[SourceVersionDate "2019.05.20"]
[SourceQuality "2"]

1. Nf3 Nf6 2. d4 d5 3. c4 c6 4. g3 g6 5. Bg2 Bg7 6. O-O O-O 7. Nbd2 Re8 8. Ne5
Nfd7 9. Nxd7 Bxd7 10. Nf3 dxc4 11. Bf4 Na6 12. Qc2 Nb4 13. Qxc4 Nd5 14. Bd2 Be6
15. Qc2 f6 16. Rfd1 a5 17. a3 a4 18. b3 axb3 19. Qxb3 Qd7 20. Qb2 b5 21. e4 Nb6
22. Qc1 Bf7 23. Bb4 Nc4 24. Qc2 Rec8 25. Bf1 Ra4 26. Nd2 Nxd2 27. Rxd2 f5 28.
exf5 gxf5 29. Re1 Bf6 30. Bh3 Bg6 31. Rc1 Bxd4 32. Qd1 e5 33. Rc5 Qg7 34. Rxd4
exd4 35. Bg2 Qd7 36. h4 Rxb4 37. axb4 d3 38. h5 Bf7 39. Bh3 Be6 40. Qd2 Rf8 41.
Bg2 Qd4 42. h6 1/2-1/2

[Event "Madrid-ch 2018-2019 - Semifinal"]
[Site "Madrid ESP"]
[Date "2019.05.10"]
[Round "5.4"]
[White "Lorenzo Bailador, Alfredo"]
[Black "Perez Gonzalez, Jose Manuel"]
[Result "1/2-1/2"]
[WhiteElo "2003"]
[BlackElo "2228"]
[PlyCount "58"]
[EventDate "2019.05.06"]
[EventType "swiss"]
[EventRounds "9"]
[EventCountry "ESP"]
[SourceTitle "Ajedrez en Madrid"]
[Source "lmi"]
[SourceDate "2019.05.06"]
[SourceVersion "1"]
[SourceVersionDate "2019.05.20"]
[SourceQuality "2"]

1. e4 g6 2. d4 Bg7 3. Nf3 c5 4. c3 cxd4 5. cxd4 d5 6. e5 Bg4 7. Nc3 Nc6 8. Be3
e6 9. Qb3 Bxf3 10. Qxb7 Nge7 11. gxf3 Rb8 12. Qa6 O-O 13. Bb5 Rb6 14. Qa3 Qb8
15. Bxc6 Nxc6 16. b3 Nb4 17. Kd2 Rc8 18. Rhc1 Bf8 19. Qb2 Nc6 20. Na4 Rb5 21.
Rc2 Ne7 22. Rac1 Rxc2+ 23. Qxc2 Ra5 24. Ke2 Nf5 25. Qc3 Qb5+ 26. Qd3 Qd7 27.
Qc3 Qb5+ 28. Qd3 Qd7 29. Qc3 Qb5+ 1/2-1/2

[Event "Madrid-ch 2018-2019 - Semifinal"]
[Site "Madrid ESP"]
[Date "2019.05.10"]
[Round "5.5"]
[White "Nieto De La Cruz, Julio"]
[Black "Rios Rebollo, Victor"]
[Result "0-1"]
[WhiteElo "2168"]
[BlackElo "2007"]
[PlyCount "82"]
[EventDate "2019.05.06"]
[EventType "swiss"]
[EventRounds "9"]
[EventCountry "ESP"]
[SourceTitle "Ajedrez en Madrid"]
[Source "lmi"]
[SourceDate "2019.05.06"]
[SourceVersion "1"]
[SourceVersionDate "2019.05.20"]
[SourceQuality "2"]

1. d4 e6 2. c4 Nf6 3. g3 d5 4. Bg2 Be7 5. Nf3 O-O 6. O-O dxc4 7. Qc2 a6 8. a4
Bd7 9. Nbd2 Bc6 10. Nxc4 Be4 11. Qb3 Nc6 12. e3 Nb4 13. Ne1 Bxg2 14. Nxg2 a5
15. Rd1 Qd5 16. Bd2 Ne4 17. Nf4 Qf5 18. Be1 g5 19. f3 gxf4 20. fxe4 Qxe4 21.
exf4 Nc2 22. Rac1 Nxd4 23. Rxd4 Bc5 24. Bf2 Bxd4 25. Ne5 Bxf2+ 26. Kxf2 Rad8
27. Rc2 Rd1 28. Nf3 Rfd8 29. Re2 Qd5 30. Qc2 Rd3 31. Ng5 h6 32. Ne4 Qd4+ 33.
Kg2 c6 34. Kh3 Kg7 35. Qc1 Qd5 36. Qf1 Qf5+ 37. Kg2 R8d4 38. Qe1 Qd5 39. Kh3
Qh5+ 40. Kg2 Qf3+ 41. Kh3 Rd1 0-1

[Event "Madrid-ch 2018-2019 - Semifinal"]
[Site "Madrid ESP"]
[Date "2019.05.10"]
[Round "5.6"]
[White "Iagar, Razvan-Gabriel"]
[Black "Bello Burguet, Glenier Lazaro"]
[Result "1-0"]
[WhiteElo "2104"]
[BlackElo "1961"]
[PlyCount "75"]
[EventDate "2019.05.06"]
[EventType "swiss"]
[EventRounds "9"]
[EventCountry "ESP"]
[SourceTitle "Ajedrez en Madrid"]
[Source "lmi"]
[SourceDate "2019.05.06"]
[SourceVersion "1"]
[SourceVersionDate "2019.05.20"]
[SourceQuality "2"]

1. d4 d5 2. c4 c6 3. e3 Nf6 4. Nc3 a6 5. Nf3 b5 6. b3 Qa5 7. Bd2 b4 8. Na4 Ne4
9. Bd3 Bg4 10. Qc2 Bxf3 11. gxf3 Nxd2 12. Qxd2 dxc4 13. Bxc4 e6 14. f4 Nd7 15.
Rc1 Be7 16. Qc2 O-O 17. Bd3 c5 18. dxc5 Nxc5 19. Nxc5 Rac8 20. Bxh7+ Kh8 21.
Bd3 Rxc5 22. Bc4 g6 23. Qb2+ Kh7 24. O-O Rh5 25. Be2 Rh4 26. Bf3 g5 27. Qe5
Qxe5 28. fxe5 Kg6 29. Rfd1 Rfh8 30. Rd7 Bf8 31. Rcc7 Kf5 32. Rxf7+ Kxe5 33. Rc6
g4 34. Bg2 Rxh2 35. Rxa6 R2h6 36. Ra5+ Kd6 37. Ra8 Be7 38. Ra6+ 1-0

[Event "Madrid-ch 2018-2019 - Semifinal"]
[Site "Madrid ESP"]
[Date "2019.05.10"]
[Round "5.7"]
[White "Collado Barbas, Laura"]
[Black "Estevez Sacristan, Deva"]
[Result "1-0"]
[WhiteElo "2048"]
[BlackElo "1999"]
[PlyCount "71"]
[EventDate "2019.05.06"]
[EventType "swiss"]
[EventRounds "9"]
[EventCountry "ESP"]
[SourceTitle "Ajedrez en Madrid"]
[Source "lmi"]
[SourceDate "2019.05.06"]
[SourceVersion "1"]
[SourceVersionDate "2019.05.20"]
[SourceQuality "2"]

1. d4 f5 2. c4 Nf6 3. g3 g6 4. Bg2 Bg7 5. Nh3 O-O 6. Nc3 d6 7. Bg5 c6 8. Qd2 e5
9. d5 Qc7 10. O-O Bd7 11. Rad1 c5 12. Bxf6 Bxf6 13. e4 Qc8 14. f4 fxe4 15. fxe5
e3 16. Qxe3 Bxe5 17. Rxf8+ Qxf8 18. Kh1 Bf5 19. Rf1 Qg7 20. Ne4 Nd7 21. Nhg5 a5
22. Ne6 Qe7 23. b3 Nf6 24. Nxf6+ Bxf6 25. Qf3 Be5 26. g4 Bxe6 27. dxe6 Qh4 28.
h3 Bg7 29. Qf7+ Kh8 30. e7 h5 31. e8=Q+ Rxe8 32. Qxe8+ Kh7 33. gxh5 Qxh5 34.
Qe6 Be5 35. Qd7+ Kh6 36. Qg4 1-0

[Event "Madrid-ch 2018-2019 - Semifinal"]
[Site "Madrid ESP"]
[Date "2019.05.10"]
[Round "5.8"]
[White "Rojas Pozo, Jose Luis"]
[Black "Robles Diaz, Jose Alberto"]
[Result "0-1"]
[WhiteElo "1974"]
[BlackElo "2044"]
[PlyCount "116"]
[EventDate "2019.05.06"]
[EventType "swiss"]
[EventRounds "9"]
[EventCountry "ESP"]
[SourceTitle "Ajedrez en Madrid"]
[Source "lmi"]
[SourceDate "2019.05.06"]
[SourceVersion "1"]
[SourceVersionDate "2019.05.20"]
[SourceQuality "2"]

1. d4 Nf6 2. c4 e6 3. Nc3 Bb4 4. Qc2 O-O 5. a3 Bxc3+ 6. Qxc3 d5 7. Bg5 dxc4 8.
Qxc4 b6 9. f3 Ba6 10. Qc3 h6 11. Bh4 Nbd7 12. e4 Bxf1 13. Kxf1 Nxe4 14. Bxd8
Nxc3 15. bxc3 Rfxd8 16. Ne2 c5 17. Kf2 Rac8 18. Rhc1 Kf8 19. a4 cxd4 20. cxd4
a6 21. Rab1 Ke7 22. h4 Rxc1 23. Rxc1 Nf6 24. Rc7+ Rd7 25. Rc8 Nd5 26. Ra8 a5
27. Rc8 Rc7 28. Rxc7+ Nxc7 29. Nc3 Nd5 30. Nb5 Kd7 31. g3 Kc6 32. Na7+ Kb7 33.
Nb5 Nc7 34. Nd6+ Ka6 35. Nxf7 b5 36. Ke2 bxa4 37. Kd3 Kb5 38. Nd8 a3 39. Kc3 a4
40. h5 a2 41. Kb2 Kc4 42. g4 Kxd4 43. f4 Ke4 44. g5 Kxf4 45. gxh6 gxh6 46. Nf7
Kg4 47. Nxh6+ Kxh5 48. Nf7 Kg6 49. Ne5+ Kf5 50. Nd7 e5 51. Nc5 a3+ 52. Ka1 e4
53. Kxa2 Nb5 54. Nxe4 Kxe4 55. Kb3 Kd3 56. Ka2 Kc3 57. Kb1 Kb3 58. Ka1 Nd4 0-1

[Event "Madrid-ch 2018-2019 - Semifinal"]
[Site "Madrid ESP"]
[Date "2019.05.10"]
[Round "5.9"]
[White "Gueler Berdasco, Martin"]
[Black "Sanchez Garcia, Aurelio"]
[Result "1/2-1/2"]
[WhiteElo "1917"]
[BlackElo "2042"]
[PlyCount "28"]
[EventDate "2019.05.06"]
[EventType "swiss"]
[EventRounds "9"]
[EventCountry "ESP"]
[SourceTitle "Ajedrez en Madrid"]
[Source "lmi"]
[SourceDate "2019.05.06"]
[SourceVersion "1"]
[SourceVersionDate "2019.05.20"]
[SourceQuality "2"]

1. c4 c5 2. g3 g6 3. Bg2 Bg7 4. Nc3 Nf6 5. Nf3 Nc6 6. O-O O-O 7. d4 cxd4 8.
Nxd4 d6 9. b3 Nxd4 10. Qxd4 d5 11. cxd5 Nxd5 12. Qxd5 Bxc3 13. Bh6 Qxd5 14.
Bxd5 Rd8 1/2-1/2

[Event "Madrid-ch 2018-2019 - Semifinal"]
[Site "Madrid ESP"]
[Date "2019.05.10"]
[Round "5.10"]
[White "Perez Ordoñez, Jose Ramon"]
[Black "Gonzalez Rivera, Eduardo"]
[Result "1/2-1/2"]
[WhiteElo "2169"]
[BlackElo "1998"]
[PlyCount "65"]
[EventDate "2019.05.06"]
[EventType "swiss"]
[EventRounds "9"]
[EventCountry "ESP"]
[SourceTitle "Ajedrez en Madrid"]
[Source "lmi"]
[SourceDate "2019.05.06"]
[SourceVersion "1"]
[SourceVersionDate "2019.05.20"]
[SourceQuality "2"]

1. d4 d5 2. c4 c6 3. Nf3 e6 4. e3 Nf6 5. Nc3 Nbd7 6. Qc2 a6 7. a4 Bb4 8. Bd2 b6
9. Be2 Bb7 10. O-O Bd6 11. a5 dxc4 12. axb6 Nxb6 13. Na4 Nxa4 14. Rxa4 O-O 15.
Ba5 Bc7 16. Rfa1 Nd5 17. Bxc4 Qe7 18. Bxc7 Qxc7 19. Bd3 h6 20. Qc5 Nb6 21. Ra5
Nd7 22. Qa3 Rfb8 23. b4 Qd6 24. Nd2 Bc8 25. Rb1 Qe7 26. Be4 Bb7 27. Nc4 c5 28.
Bxb7 Rxb7 29. dxc5 Nxc5 30. Ra1 Ne4 31. Qd3 Nf6 32. Ne5 Qxb4 33. Rxa6 1/2-1/2

[Event "Madrid-ch 2018-2019 - Semifinal"]
[Site "Madrid ESP"]
[Date "2019.05.10"]
[Round "5.11"]
[White "De La Puerta Cresis, Javier"]
[Black "Garcia Sanz, Eduardo"]
[Result "1-0"]
[WhiteElo "2116"]
[BlackElo "1820"]
[PlyCount "51"]
[EventDate "2019.05.06"]
[EventType "swiss"]
[EventRounds "9"]
[EventCountry "ESP"]
[SourceTitle "Ajedrez en Madrid"]
[Source "lmi"]
[SourceDate "2019.05.06"]
[SourceVersion "1"]
[SourceVersionDate "2019.05.20"]
[SourceQuality "2"]

1. d4 d5 2. c4 e6 3. Nc3 c5 4. cxd5 exd5 5. g3 Nc6 6. Nf3 Nf6 7. Bg2 Be7 8. Bg5
cxd4 9. Nxd4 h6 10. Bf4 O-O 11. O-O Bg4 12. h3 Be6 13. Ncb5 Qd7 14. Nxe6 fxe6
15. e4 Rfd8 16. Re1 Bb4 17. Re2 a6 18. Nc7 Rac8 19. exd5 Rxc7 20. Bxc7 Qxc7 21.
Rxe6 Qf7 22. Qb3 Bc5 23. dxc6 Bxf2+ 24. Kxf2 Nd5+ 25. Kg1 Qxe6 26. Bxd5 1-0

[Event "Madrid-ch 2018-2019 - Semifinal"]
[Site "Madrid ESP"]
[Date "2019.05.10"]
[Round "5.12"]
[White "Cabañas Bravo, Juan Andres"]
[Black "Pastor Alonso De Prado, Alberto"]
[Result "1/2-1/2"]
[WhiteElo "2010"]
[BlackElo "2094"]
[PlyCount "76"]
[EventDate "2019.05.06"]
[EventType "swiss"]
[EventRounds "9"]
[EventCountry "ESP"]
[SourceTitle "Ajedrez en Madrid"]
[Source "lmi"]
[SourceDate "2019.05.06"]
[SourceVersion "1"]
[SourceVersionDate "2019.05.20"]
[SourceQuality "2"]

1. e4 d6 2. d4 Nf6 3. Nc3 g6 4. f4 Bg7 5. Nf3 c5 6. Bb5+ Bd7 7. a4 cxd4 8. Nxd4
O-O 9. O-O Nc6 10. Nxc6 bxc6 11. Be2 a5 12. Be3 Rb8 13. Rb1 Ne8 14. Bd4 Bxd4+
15. Qxd4 Qb6 16. Qxb6 Rxb6 17. b3 Nc7 18. Rbd1 Bc8 19. Rd2 Ba6 20. Kf2 Rb4 21.
Ke3 Bxe2 22. Nxe2 c5 23. f5 f6 24. g4 g5 25. Nc3 Kf7 26. h4 Rg8 27. hxg5 Rxg5
28. Kf3 h5 29. gxh5 Rxh5 30. Rg1 Rh3+ 31. Rg3 Rxg3+ 32. Kxg3 Rb8 33. Rh2 Rg8+
34. Kf3 Ke8 35. Rh7 Kd7 36. Kf2 Rb8 37. Ke3 Rb4 38. Rg7 Rb8 1/2-1/2

[Event "Madrid-ch 2018-2019 - Semifinal"]
[Site "Madrid ESP"]
[Date "2019.05.10"]
[Round "5.13"]
[White "Martinez Aragon, Aitor"]
[Black "Vazquez Gonzalez, Jesus"]
[Result "1/2-1/2"]
[WhiteElo "2038"]
[BlackElo "1901"]
[PlyCount "32"]
[EventDate "2019.05.06"]
[EventType "swiss"]
[EventRounds "9"]
[EventCountry "ESP"]
[SourceTitle "Ajedrez en Madrid"]
[Source "lmi"]
[SourceDate "2019.05.06"]
[SourceVersion "1"]
[SourceVersionDate "2019.05.20"]
[SourceQuality "2"]

1. e4 c5 2. Nf3 e6 3. d4 cxd4 4. Nxd4 Nc6 5. Nc3 Qc7 6. Be3 a6 7. Be2 Nf6 8.
O-O b5 9. Nxc6 dxc6 10. a3 Bb7 11. f4 Be7 12. Bf3 O-O 13. Qe2 c5 14. e5 Nd5 15.
Ne4 Nxe3 16. Qxe3 Rad8 1/2-1/2

[Event "Madrid-ch 2018-2019 - Semifinal"]
[Site "Madrid ESP"]
[Date "2019.05.10"]
[Round "5.14"]
[White "Vicente Sastre, Diego"]
[Black "Cao Armillas, Jesus"]
[Result "0-1"]
[WhiteElo "1881"]
[BlackElo "2043"]
[PlyCount "46"]
[EventDate "2019.05.06"]
[EventType "swiss"]
[EventRounds "9"]
[EventCountry "ESP"]
[SourceTitle "Ajedrez en Madrid"]
[Source "lmi"]
[SourceDate "2019.05.06"]
[SourceVersion "1"]
[SourceVersionDate "2019.05.20"]
[SourceQuality "2"]

1. e4 c5 2. Nc3 d6 3. Bb5+ Bd7 4. Bxd7+ Qxd7 5. f4 Nc6 6. Nf3 g6 7. d3 Bg7 8.
O-O e6 9. Qe1 Nge7 10. Nd1 O-O 11. Ne3 Nd4 12. Qh4 f5 13. c3 Nxf3+ 14. Rxf3 Rf7
15. a4 Raf8 16. Nc4 fxe4 17. dxe4 d5 18. exd5 exd5 19. Rd3 Qf5 20. Rh3 g5 21.
Nd6 gxh4 22. Nxf5 Nxf5 23. Bd2 Re8 0-1

[Event "Madrid-ch 2018-2019 - Semifinal"]
[Site "Madrid ESP"]
[Date "2019.05.10"]
[Round "5.15"]
[White "Panduru, Eugen"]
[Black "Lopez Heras, Arturo"]
[Result "1-0"]
[WhiteElo "1934"]
[BlackElo "1818"]
[PlyCount "63"]
[EventDate "2019.05.06"]
[EventType "swiss"]
[EventRounds "9"]
[EventCountry "ESP"]
[SourceTitle "Ajedrez en Madrid"]
[Source "lmi"]
[SourceDate "2019.05.06"]
[SourceVersion "1"]
[SourceVersionDate "2019.05.20"]
[SourceQuality "2"]

1. g3 c5 2. Bg2 d5 3. d3 Nf6 4. Nd2 Nc6 5. e4 dxe4 6. dxe4 e5 7. Ngf3 Be7 8.
O-O O-O 9. c3 Qc7 10. Qe2 h6 11. h3 Be6 12. Nh4 Qd7 13. Kh2 Nh7 14. Nf5 Bxf5
15. exf5 Qxf5 16. f4 exf4 17. Rxf4 Qd7 18. Ne4 Rae8 19. Qf1 f5 20. Nxc5 Bxc5
21. Qc4+ Kh8 22. Qxc5 Re2 23. Rf1 Qd3 24. Bf4 Qc2 25. Rg1 Rd8 26. Rae1 Rxe1 27.
Rxe1 Nf6 28. Qb5 Nh5 29. Qxb7 Nxf4 30. gxf4 Rd2 31. Qxc6 Qxb2 32. Qc8+ 1-0

[Event "Madrid-ch 2018-2019 - Semifinal"]
[Site "Madrid ESP"]
[Date "2019.05.10"]
[Round "5.16"]
[White "Largo Barbero, Benito"]
[Black "Marin Aso, Jose Luis"]
[Result "1-0"]
[WhiteElo "1878"]
[BlackElo "1912"]
[PlyCount "25"]
[EventDate "2019.05.06"]
[EventType "swiss"]
[EventRounds "9"]
[EventCountry "ESP"]
[SourceTitle "Ajedrez en Madrid"]
[Source "lmi"]
[SourceDate "2019.05.06"]
[SourceVersion "1"]
[SourceVersionDate "2019.05.20"]
[SourceQuality "2"]

1. d4 Nf6 2. Bg5 e6 3. c3 c5 4. e3 b6 5. Nd2 Bb7 6. Ngf3 Be7 7. Bd3 O-O 8. h4
d6 9. Bxf6 Bxf6 10. Bxh7+ Kxh7 11. Ng5+ Kg8 12. Qh5 Re8 13. Qxf7+ 1-0

[Event "Madrid-ch 2018-2019 - Semifinal"]
[Site "Madrid ESP"]
[Date "2019.05.10"]
[Round "5.17"]
[White "Ruiz Quevedo, Andres"]
[Black "Garcia Prados, David"]
[Result "1/2-1/2"]
[WhiteElo "1900"]
[BlackElo "1866"]
[PlyCount "120"]
[EventDate "2019.05.06"]
[EventType "swiss"]
[EventRounds "9"]
[EventCountry "ESP"]
[SourceTitle "Ajedrez en Madrid"]
[Source "lmi"]
[SourceDate "2019.05.06"]
[SourceVersion "1"]
[SourceVersionDate "2019.05.20"]
[SourceQuality "2"]

1. g3 d5 2. Nf3 c5 3. Bg2 Nc6 4. c4 d4 5. O-O Nf6 6. d3 e5 7. e3 Bd6 8. exd4
cxd4 9. Re1 O-O 10. Na3 a6 11. c5 Bc7 12. Nc4 Re8 13. a3 a5 14. Nh4 Be6 15. Qc2
Qe7 16. Nb6 Ra6 17. f4 exf4 18. gxf4 Ng4 19. Nf5 Qf6 20. Nd5 Qd8 21. Nxc7 Qxc7
22. Nd6 Re7 23. Be4 f5 24. Bg2 Nd8 25. Bd2 b6 26. Nb5 Qxc5 27. Qxc5 bxc5 28.
Rac1 Nb7 29. Bxb7 Rxb7 30. Rxc5 Bd7 31. a4 Kf7 32. Rd5 Bxb5 33. axb5 Rab6 34.
Rxf5+ Nf6 35. Bxa5 Rxb5 36. Rxb5 Rxb5 37. b4 Rf5 38. Bd8 Rb5 39. Be7 Rf5 40.
Bd6 Rd5 41. Re7+ Kf8 42. Re6+ Kf7 43. f5 Rxf5 44. Re7+ Kg6 45. Re5 Rxe5 46.
Bxe5 Nd5 47. Bd6 Kf5 48. Bc5 Nf4 49. b5 Nxd3 50. Bxd4 Ke6 51. b6 Kd7 52. Bxg7
Kc6 53. Bd4 Nf4 54. Kf2 Nd5 55. Kf3 Nxb6 56. Bxb6 Kxb6 57. Kf4 Kc6 58. Kf5 Kd7
59. Kf6 Ke8 60. Kg7 h5 1/2-1/2

[Event "Madrid-ch 2018-2019 - Semifinal"]
[Site "Madrid ESP"]
[Date "2019.05.10"]
[Round "5.18"]
[White "Garcia Galeote, Lorenzo"]
[Black "Viñas Lopez, Carlos"]
[Result "1/2-1/2"]
[WhiteElo "1873"]
[BlackElo "1884"]
[PlyCount "45"]
[EventDate "2019.05.06"]
[EventType "swiss"]
[EventRounds "9"]
[EventCountry "ESP"]
[SourceTitle "Ajedrez en Madrid"]
[Source "lmi"]
[SourceDate "2019.05.06"]
[SourceVersion "1"]
[SourceVersionDate "2019.05.20"]
[SourceQuality "2"]

1. d4 Nf6 2. Nf3 c5 3. e3 b6 4. Bd3 Bb7 5. O-O g6 6. b3 Bg7 7. Bb2 O-O 8. c4
cxd4 9. exd4 d5 10. Nc3 Nc6 11. cxd5 Nxd5 12. Nxd5 Qxd5 13. Bc4 Qd6 14. Qe2 e6
15. Rad1 Ne7 16. Ng5 Rad8 17. Rfe1 Nf5 18. d5 Bxd5 19. Ne4 Qe7 20. Bxg7 Nxg7
21. Bxd5 exd5 22. Nc3 Qc5 23. Qf3 1/2-1/2

[Event "Madrid-ch 2018-2019 - Semifinal"]
[Site "Madrid ESP"]
[Date "2019.05.10"]
[Round "5.19"]
[White "Fernandez Garcia, Ignacio"]
[Black "Moreno Uribarri, Miguel"]
[Result "0-1"]
[WhiteElo "1755"]
[BlackElo "1674"]
[PlyCount "122"]
[EventDate "2019.05.06"]
[EventType "swiss"]
[EventRounds "9"]
[EventCountry "ESP"]
[SourceTitle "Ajedrez en Madrid"]
[Source "lmi"]
[SourceDate "2019.05.06"]
[SourceVersion "1"]
[SourceVersionDate "2019.05.20"]
[SourceQuality "2"]

1. Nc3 c5 2. e4 Nc6 3. Nf3 g6 4. Bc4 Bg7 5. h4 Nf6 6. d3 d6 7. Ne2 O-O 8. Nf4
b5 9. Bb3 c4 10. dxc4 bxc4 11. Bxc4 Nxe4 12. Bd5 Qa5+ 13. c3 Nxc3 14. bxc3
Qxc3+ 15. Bd2 Qxa1 16. Qxa1 Bxa1 17. Bxc6 Rb8 18. O-O Bg7 19. Nd5 e6 20. Ne7+
Kh8 21. a3 Ba6 22. Re1 Bf6 23. Bg5 Bc3 24. Re3 Bg7 25. Ba4 h6 26. Bf4 e5 27.
Bg3 Bb5 28. Bb3 f5 29. Nxg6+ Kh7 30. Nxf8+ Bxf8 31. Re1 f4 32. Bh2 Bd3 33. Bd5
Kg7 34. a4 Rb4 35. Bc6 a5 36. Rc1 Bc2 37. Ra1 Be7 38. Ne1 Bb1 39. g3 fxg3 40.
Bxg3 Bd8 41. Kg2 Bb6 42. Nf3 Kf6 43. Nd2 Bc2 44. Kf3 Bd4 45. Rc1 Bxa4 46. Ne4+
Ke6 47. Bxa4 Rxa4 48. Rc6 Ra3+ 49. Kg2 Kd5 50. Rxd6+ Kxe4 51. Rxh6 a4 52. h5
Kf5 53. Ra6 Ra2 54. h6 e4 55. h7 e3 56. Ra8 e2 57. Re8 Kg6 58. Re7 a3 59. Be5
e1=Q 60. Bxd4 Qxe7 61. h8=Q Qe4+ 0-1

[Event "Madrid-ch 2018-2019 - Semifinal"]
[Site "Madrid ESP"]
[Date "2019.05.10"]
[Round "5.20"]
[White "Vazquez Gonzalez, Francisco"]
[Black "Jimenez Gonzalez, Marcos"]
[Result "1-0"]
[WhiteElo "1968"]
[BlackElo "1740"]
[PlyCount "81"]
[EventDate "2019.05.06"]
[EventType "swiss"]
[EventRounds "9"]
[EventCountry "ESP"]
[SourceTitle "Ajedrez en Madrid"]
[Source "lmi"]
[SourceDate "2019.05.06"]
[SourceVersion "1"]
[SourceVersionDate "2019.05.20"]
[SourceQuality "2"]

1. e4 c5 2. Nc3 Nc6 3. a3 g6 4. Bc4 Bg7 5. d3 e6 6. Ba2 Nge7 7. h4 h5 8. g4
hxg4 9. Qxg4 Nd4 10. Kd1 Qc7 11. Nge2 Nxe2 12. Kxe2 Bxc3 13. bxc3 b6 14. Bg5 d6
15. h5 c4 16. Bxc4 d5 17. Bb5+ Bd7 18. Bxd7+ Kxd7 19. Bf6 gxh5 20. Rxh5 Rag8
21. Rg5 Ng6 22. Rxd5+ Kc6 23. Rg5 Rh4 24. Qf3 Rf4 25. Qh1 Rh4 26. Qg1 Rh3 27.
Be5 Qe7 28. Kd2 Qf8 29. Kc1 Qh6 30. Kb2 Qh4 31. Bd4 Qf4 32. Rg4 Qh6 33. Be3 Qh5
34. Rg5 Qh4 35. Bd4 Qf4 36. Rg4 Qh6 37. f4 Rd8 38. f5 exf5 39. exf5 Nh4 40. Qe1
Kb7 41. Qe7+ 1-0